Corrosion induced cracking in concrete /
Saved in:
| Main Author: | |
|---|---|
| Format: | Thesis Book |
| Language: | English |
| Published: |
1989.
|
| Subjects: | |
| Tags: |
Add Tag
No Tags, Be the first to tag this record!
|
| LEADER | 00713cam a2200229 a 4500 | ||
|---|---|---|---|
| 001 | u94955 | ||
| 003 | SIRSI | ||
| 008 | 910708s1989 si v 00 1 eng m | ||
| 035 | |a AAK-3743 | ||
| 040 | |a UMM | ||
| 090 | |a TA440 |b Chi | ||
| 100 | 1 | 0 | |a Chieng, King Wu. |
| 245 | 1 | 0 | |a Corrosion induced cracking in concrete / |c Chieng King Wu. |
| 260 | 1 | |c 1989. | |
| 300 | |a 211 leaves ; |c 30 cm. | ||
| 502 | |a Dissertation (M.Eng.) -- National University of Singapore, 1989. | ||
| 504 | |a Bibliography: leaves 196-211. | ||
| 650 | 0 | |a Concrete |x Cracking. | |
| 650 | 0 | |a Concrete |x Corrosion. | |
| 948 | |a 13/08/1991 |b 26/08/2002 | ||
| 596 | |a 1 | ||
| 999 | |a TA440 CHI |w LC |c 1 |i A010732773 |d 17/10/1997 |l STACKS |m P01UTAMA |n 2 |r Y |s Y |t TESIS |u 20/2/1992 | ||
